Statistics for The Mountain Goats Discography

Click here to take the quiz!

General Stats

  • This quiz has been taken 55 times
  • The average score is 92 of 457

Answer Stats

Zopilote Machine% Correct
This Year
95%
Going to Georgia
88%
No Children
88%
Heretic Pride
84%
See America Right
81%
Jenny
79%
Pale Green Things
79%
Tallahassee
77%
Alpha Rats Nest
74%
Dance Music
72%
Love Love Love
72%
Up the Wolves
72%
The Best Ever Death Metal Band Out of Denton
70%
Damn These Vampires
67%
Lovecraft in Brooklyn
67%
Cry for Judas
65%
Heel Turn 2
65%
Get Lonely
63%
Letter From Belgium
63%
Letter from Belgium
63%
The Legend of Chavo Guerrero
63%
Transcendental Youth
63%
Andrew Eldritch Is Moving Back to Leeds
60%
Rain in Soho
60%
You or Your Memory
60%
Broom People
58%
Southwood Plantation Road
58%
Woke Up New
58%
Color in Your Cheeks
56%
Game Shows Touch Our Lives
56%
Lion's Teeth
56%
Oceanographer's Choice
56%
Peacocks
56%
Sax Rohmer #1
56%
Spent Gladiator 2
56%
Autoclave
53%
Cotton
53%
Dilaudid
53%
Magpie
53%
Younger
53%
Your Belgian Things
53%
Animal Mask
51%
Foreign Object
51%
Hast Thou Considered the Tetrapod
51%
In League with Dragons
51%
Old College Try
51%
Pink and Blue
51%
The Diaz Brothers
51%
Fall of the Star High School Running Back
49%
Hair Match
49%
Werewolf Gimmick
49%
Amy AKA Spent Gladiator 1
47%
First Few Desperate Hours
47%
Palmcorder Yajna
47%
Unmasked!
47%
Aulon Raid
44%
Jaipur
44%
Jam Eater Blues
44%
Riches and Wonders
44%
The House That Dripped Blood
44%
The Mess Inside
44%
Absolute Lithops Effect
42%
Blues in Dallas
42%
Cubs in Five
42%
Dinu Lipatti's Bones
42%
Distant Stations
42%
Going to Lebanon
42%
Have to Explode
42%
Linda Blair Was Born Innocent
42%
Luna
42%
Michael Myers Resplendent
42%
Never Quite Free
42%
Song for Dennis Brown
42%
Wear Black
42%
Alpha Omega
40%
Balance
40%
Choked Out
40%
Counterfeit Florida Plates
40%
Golden Boy
40%
Possum by Night
40%
San Bernardino
40%
Alpha Incipiens
37%
Exegetic Chains
37%
Fire Editorial
37%
International Small Arms Traffic Blues
37%
Orange Ball of Love
37%
The Ballad of Bull Ramos
37%
Fault Lines
35%
For the Snakes
35%
Going to Maine
35%
Harlem Roulette
35%
Jeff Davis County Blues
35%
Mole
35%
Source Decay
35%
Southwestern Territory
35%
The Coroner's Gambit
35%
The Young Thousands
35%
Until Olympius Returns
35%
An Antidote for Strychnine
33%
Cadaver Sniffing Dog
33%
Orange Ball of Hate
33%
Store
33%
Unicorn Tolerance
33%
Wild Sage
33%
Alpha Sun Hat
30%
Baboon
30%
Estate Sale Sign
30%
Idylls of the King
30%
Liza Forever Minnelli
30%
Pigs That Ran Straightaway into the Water, Triumph Of
30%
Shelved
30%
Stabbed to Death Outside San Juan
30%
Steal Smoked Fish Alternate Take (piano version)
30%
Steal Smoked Fish (guitar version)
30%
The Day The Aliens Came
30%
There Will Be No Divorce
30%
Beautiful Gas Mask
28%
Going Invisible 2
28%
Grendel's Mother
28%
Indonesia
28%
In Memory of Satan
28%
Lakeside View Apartments Suite
28%
Slow West Vultures
28%
Waylon Jennings Live!
28%
We Do It Different on the West Coast
28%
Abandoned Flesh
26%
Alpha Double Negative: Going to Catalina
26%
Blood Capsules
26%
Family Happiness
26%
Going to Scotland
26%
How to Embrace a Swamp Creature
26%
Midland
26%
Night Light
26%
Passaic 1975
26%
Quito
26%
Sentries in the Ambush
26%
Standard Bitter Love Song #7
26%
The Autopsy Garland
26%
White Cedar
26%
Age of Kings
23%
Clemency for the Wizard King
23%
Collapsing Stars
23%
Doc Gooden
23%
Dub Capsules
23%
Elijah
23%
FM
23%
Going to Queens
23%
Home Again Garden Grove
23%
Maybe Sprout Wings
23%
Minnesota
23%
New Chevrolet In Flames
23%
Sicilian Crest
23%
Stench of the Unburied
23%
Waco
23%
Waving at You
23%
Against Pollution
21%
All Up the Seething Coast
21%
Bad Priestess
21%
Done Bleeding
21%
For Charles Bronson
21%
Going to Lebanon 2
21%
High Hawk Season
21%
In the Craters on the Moon
21%
Matthew 25:21
21%
Nine Black Poppies
21%
Paid in Cocaine
21%
Psalms 40:2
21%
Song for Lonely Giants
21%
Their Gods Do Not Have Surgeons
21%
Tianchi Lake
21%
Vanishing Act
21%
Answering the Phone
19%
Cobra Tattoo
19%
Cold Milk Bottle
19%
Genesis 30:3
19%
Genesis 3:23
19%
Going to Bolivia
19%
Going to Bristol
19%
Hellhound On My Trail
19%
If You See Light
19%
January 31, 438
19%
Moon Over Goldsboro
19%
No, I Can't
19%
Onions
19%
Prowl Great Cain
19%
Quetzalcoatl Is Born
19%
Shadow Song
19%
So Desperate
19%
Sometimes I Still Feel The Bruise
19%
Then the Letting Go
19%
Alibi
16%
Alphabetizing
16%
Alpha Desperation March
16%
Birth of Serpents
16%
Bluejays and Cardinals
16%
Downtown Seoul
16%
Half Dead
16%
Hardpan Song
16%
High Doses #2
16%
Insurance Fraud #2
16%
Neon Orange Glimmer Song
16%
New Monster Avenue
16%
Prana Ferox
16%
Rage of Travers
16%
Snow Crush Killing Song
16%
Snow Owl
16%
Some Swedish Trees
16%
The Alphonse Mambo
16%
The Grey King and the Silver Flame Attunement
16%
The Recognition Scene
16%
Tollund Man
16%
Until I Am Whole
16%
Deuteronomy 2:10
14%
Ezekiel 7 and the Permanent Efficacy of Grace
14%
Flashing Lights
14%
For the Portuguese Goth Metal Bands
14%
Going to Port Washington
14%
Hebrews 11:40
14%
Horseradish Road
14%
Masher
14%
New Zion
14%
Satanic Messiah
14%
Standard Bitter Love Song #8
14%
The Black Ice Cream Song
14%
The Hot Garden Stomp
14%
The Sign
14%
Twin Human Highway Flares
14%
Alpha in Tauris
12%
Black Molly
12%
Going to Bogotá
12%
Going to Cleveland
12%
Going to Kansas
12%
Going to Reykjavík
12%
Grave Dust
12%
Hopeful Assassins of Zeno
12%
Island Garden Song
12%
It's All Here in Brownsville
12%
Jenny (alt. take)
12%
Last Gasp at Calama
12%
Marduk T-Shirt Men's Room Incident
12%
New Britain
12%
Orange Ball of Pain
12%
Outer Scorpion Squadron
12%
Pure Gold
12%
Pure Heat
12%
Pure Love
12%
Quetzalcoatl Eats Plums
12%
Send Me an Angel
12%
Sourdoire Valley Song
12%
Tape Travel Is Lonely
12%
The Monkey Song
12%
Trick Mirror
12%
Whole Wide World
12%
Alabama Nova
9%
Are You Cleaning Off the Stone?
9%
California Song
9%
Commandante
9%
Down Here
9%
Going to Spain
9%
Heights
9%
In the Shadow of the Western Hills
9%
It Froze Me
9%
Korean Bird Paintings
9%
Love Cuts the Strings
9%
Maize Stalk Drinking Blood
9%
Marsh Witch Vision
9%
Orange Ball of Peace
9%
Song for Dana Plato
9%
Song for the Julian Calendar
9%
The Bad Doctor
9%
The Wooded Hills Along the Black Sea
9%
Weekend in Western Illinois
9%
We Were Patriots
9%
Young Caesar 2000
9%
Anti-Music Song
7%
Crows
7%
Dirty Old Town
7%
Divided Sky Lane
7%
Flight 717: Going to Denmark
7%
Going to Chino
7%
Isaiah 45:23
7%
I Wonder Where Our Love Has Gone
7%
Moon and Sand
7%
Ontario
7%
Ox Baker Triumphant
7%
Rain Song
7%
Romans 10:9
7%
Sail Babylon Springs
7%
Sail On
7%
Scotch Grove
7%
Sept. 15 1983
7%
Sept 19 Triple X Love! Love!
7%
Song for an Old Friend
7%
Straight Six
7%
The Garden Song
7%
The Water Song
7%
US Mill
7%
1 Samuel 15:23
5%
Alpha Negative
5%
Cao Dai Blowout
5%
Chinese House Flowers
5%
Coco-Yam Song
5%
Deianara Crush
5%
Going to Bangor
5%
Going to Japan
5%
Going to Norwalk
5%
Going to Tennessee
5%
Going to Utrecht
5%
In the Hidden Places
5%
I Will Grab You by the Ears
5%
Narakaloka
5%
Pure Intentions
5%
Pure Milk
5%
Raja Vocative
5%
Rotten Stinking Mouthpiece
5%
Scaling the Well
5%
Seed Song
5%
Sinaloan Milk Snake Song
5%
Snow Song
5%
Song for Tura Satana
5%
Tahitian Ambrosia Maker
5%
The Anglo-Saxons
5%
The Window Song
5%
Toolshed
5%
Used to Haunt
5%
Wait For You
5%
We Have Seen the Enemy
5%
Wizard Buys A Hat
5%
Yam, the King of Crops
5%
Yoga
5%
1 John 4:16
2%
Abide With Me
2%
Against Agamemnon
2%
Alagemo
2%
Azo Tle Nelli in Tlalticpac
2%
Blueberry Frost
2%
Brisbane Hotel Sutra
2%
Burned My Tongue
2%
California Jam
2%
Cheshire County
2%
Chino Love Song 1979
2%
Cobscook Bay
2%
Creature Song
2%
Earth Air Water Trees
2%
Evening in Stalingrad
2%
Faithless Bacchant Song
2%
Full Flower
2%
Genesis 19: 1-2
2%
Going to Hungary
2%
Going to Jamaica
2%
Going to Kirby Sigston
2%
Going to Mexico
2%
Going to Santiago
2%
Gojam Province 1968
2%
Golden Jackal Song
2%
Hand Ball
2%
Hatha Hill
2%
I Corinthians 13: 8-10
2%
I Know You've Come to Take My Toys Away
2%
Keep It on Your Mind
2%
Lonesome Surprise
2%
Love Hymn to Aphrodite
2%
Million
2%
Naming Day
2%
No More Tears
2%
Nova Scotia
2%
Original Air-Blue Gown
2%
Papagallo
2%
Philippians 3:20-21
2%
Please Come Home to Hamngatan
2%
Pseudothyrum Song
2%
Pure Honey
2%
Sarcofago Live
2%
Song for John Davis
2%
Stars Around Her
2%
Stars Fell on Alabama
2%
Tell Me on a Sunday
2%
Thanks for the Dress
2%
The Cow Song
2%
The Last Day of Jimi Hendrix's Life
2%
The Last Limit Of Bhakti
2%
They Are Stone Swallowers
2%
Tomorrow (from the musical "Annie")
2%
Transjordanian Blues
2%
Treetop Song
2%
Water Song II
2%
West Country Dream
2%
World Cylinder
2%
15-1
0%
Alpha Gelida
0%
Bad Waves
0%
Beach House
0%
שקט (Be Quiet)
0%
Billy the Kid's Dream of the Magic Shoes
0%
Blood Royal
0%
Born Ready
0%
Catherine Antrim's Kid
0%
Chanson du Bon Chose
0%
Chinese Rifle Song
0%
Duke Ellington
0%
Dutch Orchestra Blues
0%
Early Spring
0%
Enoch 18:14
0%
Feed This End
0%
For the West Coast Dark Ambient Bedroom Warriors
0%
Fresh Berries for You
0%
Fresh Cherries in Trinidad
0%
Going to Malibu
0%
Going to Monaco
0%
Going to Wisconsin
0%
Hello There Howard
0%
Historiography
0%
Hotel Road
0%
Ice Blue
0%
(Intro)
0%
Keeping House
0%
Lab Rat Blues
0%
Last Man on Earth
0%
Leaving Home
0%
Night of the Mules
0%
Noche del Guajolote
0%
Noctifer Birmingham
0%
Omega Blaster
0%
Proverbs 6:27
0%
Pure Money
0%
Pure Sound
0%
Quetzalcoatal Comes Through
0%
Shirtless In Hamburg
0%
Short Song About the 10 Freeway
0%
Spilling Toward Alpha
0%
Standard Bitter Love Song No. 4
0%
Star Dusting
0%
Sun Song
0%
Teenage World
0%
The Admonishing Song
0%
The Lady from Shanghai
0%
The Only Thing I Know
0%
Third Snow Song
0%
Torch Song
0%
Two Thousand Seasons
0%
(Untitled)
0%
Wild Palm City (aka Within You, Without You)
0%
Wrong!
0%

Score Distribution

Percentile by Number Answered

Percent of People with Each Score

Your Score History

You have not taken this quiz